|
|
|
|
| LEADER |
01193nam a22002892a 4500 |
| 001 |
000756287 |
| 003 |
CZ BrMZK |
| 005 |
20101016164547.0 |
| 007 |
ta |
| 008 |
041217s1982 xr er|||||||||||cze d |
| 015 |
|
|
|a cnb000125172
|
| 035 |
|
|
|a (OCoLC)9124378
|
| 040 |
|
|
|a BOA001
|b cze
|
| 080 |
9 |
|
|a 37(437.1)"16":92 Komenský
|
| 080 |
9 |
|
|a 885.0-312.6
|
| 100 |
1 |
|
|a Mašínová, Leontina,
|d 1882-1975
|7 jk01080588
|4 aut
|
| 245 |
1 |
0 |
|a Mladá léta Jana Ámose /
|c Leontina Mašínová ; reprodukcemi dřevorytů vyzdobil Karel Vodák
|
| 250 |
|
|
|a 3. vyd.
|
| 260 |
|
|
|a Praha :
|b Melantrich,
|c 1982
|
| 300 |
|
|
|a 242 s. :
|b obr. ;
|c 21 cm
|
| 500 |
|
|
|a Vyd. k 390. výročí narození J. Á. Komenského a k 100. výročí narození autorky
|
| 856 |
4 |
1 |
|u http://www.digitalniknihovna.cz/mzk/uuid/uuid:30417c00-dda0-11e2-9923-005056827e52
|y Digitalizovaný dokument
|x NDK
|
| 910 |
|
|
|a BOA001
|b PK-0015.665-82
|b 2-0850.657
|
| 964 |
|
|
|a Komenský, Jan Amos - mládí - romány
|
| 990 |
|
|
|a BK
|
| 996 |
7 |
|
|b 2619362646
|c 2-0850.657
|l MZK
|r Sklad / do 1 hodiny
|n 1
|w 000756287
|u 000020
|a 1
|e BOA001
|j MZK50
|s A
|
| 996 |
7 |
|
|b 3119687005
|c PK-0015.665-82
|l MZK
|r Sklad / do 1 hodiny
|n 0
|w 000756287
|u 000010
|a 1
|e BOA001
|j MZK50
|s A
|